000 02694ncm0a2200469 4500
001 RU\NLR\ONIZ\218433
005 20250626062551.0
035 _aRU\NLR\ONIZ\natafirs\5000001950\20170519143303
035 _a(NLR Aleph) 011414928
090 _a11579129
_c11579129
100 _a20170519d2004 |||y0rusy50 ca
101 0 _aeng
_arus
102 _aRU
125 _azy
145 0 _ab
200 1 _aСюита для органа
_bНоты
_dSuite for organ
_e(1966)
_zeng
_fИ. Рехин
_gисполн. ред. А. Шмитова
210 _aСанкт-Петербург
_cМФ Санкт-Петербурга
_dcop, 2004
215 _a18 с.
_cфото
_d29 см
300 _aСтатья автора: с. 19
300 _aНотогр.: с. 20
313 _aСистематизация документа проведена по изданию - Методика классифицирования музыкальных произведений (нотных изданий) по таблицам Библиотечно-библиографических классификаций : метод. рекомендации / Гос. б-ка СССР им. В.И. Ленина.- М., 1977. Индексу ББК методических рекомендаций присваивается код ББК для научных библиотек - LBC/SL
316 _6b10899
_aДарств. надпись композитора
_5NLR: М 986/248а
316 _6b06899
_aДарств. надпись. В. Г. Соловьева
_5NLR
606 1 _aОрганная музыка
_yРоссия
_z21 в.
_jНоты
_2nlr_sh
686 _aЩ954.3-043(2Р=Рус)
_vLBC/SL
_2rubbk
700 1 _9z01790
_aРехин
_bИ. В.
_f1941 -
_gИгорь Владимирович
_4230
_7ca
702 1 _9z07790
_aШмитов
_bА. М.
_f1957-
_gАлексей Михайлович
_4340
702 1 _9z08790
_aШахин
_bМ. Б.
_f1917-1970
_gМарк Борисович
_4280
_7ca
702 1 _9z09790
_aСоловьев
_bВ. Г.
_cкомпозитор
_f1937-
_gВладислав Георгиевич
_4320
_7ca
790 1 _9z01700
_aRekhin
_bI. V.
_f1941 -
_gIgor` Vladimirovich
_4230
_7ba
790 1 _9z07702
_aSchmitov
_bA. M.
_f1957-
_gAleksej Michajlovitsch
_4340
_7ba
790 1 _9z08702
_aShakhin
_bM. B.
_f1917-1970
_gMark Borisovich
_4280
_7ba
790 1 _9z09702
_aSolov`jov
_bV. G.
_f1937-
_gVladislav Georgievič
_4320
_7ba
801 0 _aRU
_bNLR
_c20170519
_gPSBO
801 1 _aRU
_bNLR
_c20170519
_2rusmarc
801 2 _aRU
_bNLR
_c20191003
852 _6b06316
_aNLR
_bМ
_j986/248
_p280927
_t1
852 _6b10316
_aNLR
_bМ
_j986/248а
_p280928
_t2
942 _cSCORE
980 _aNB
980 _aONIZ